| 000 | 00826cam a2200181 4500 | ||
|---|---|---|---|
| 001 | J119720 | ||
| 008 | 020917n2002 000 0 eng u | ||
| 035 | _a(Sirsi) u119720 | ||
| 050 | _a368.5 | ||
| 110 |
_aRoyal Institution of Chartered Surveyors _bProfessional Regulation and Consumer Protection _94348 |
||
| 245 | _aPII : the market and your options | ||
| 260 |
_aCoventry _bRICS _c2002 |
||
| 520 | _aLeaflet describing the professional indemnity insurance market and the options available to RICS members when purchasing their professional indemnity insurance policy. Copies are available from Mark Southwell t +44 (0)20 7695 1625, e [email protected]. | ||
| 650 | _aINSURANCE MARKET | ||
| 650 | _aPROFESSIONAL INDEMNITY INSURANCE | ||
| 690 | _aMANAGEMENT-BUSINESS MANAGEMENT-PROFESSIONAL PRACTICE | ||
| 942 | _n0 | ||
| 999 |
_c102374 _d102374 |
||